[Event "StL-B-West 2002/03"]
[Site "Hohenems"]
[Date "2003.02.01"]
[Round "8"]
[Board "4"]
[White "Hinteregger, Arthur"]
[Black "Erlacher, Michael"]
[Result "1-0"]
[WhiteElo "2222"]
[BlackElo "2197"]
[PlyCount "125"]

1.d4 Nf6 2.Nf3 g6 3.c4 Bg7 4.Nc3 d6 5.e4 O-O 6.Be2 e5 7.O-O Nc6 8.d5 Ne7 9.Ne1
Nd7 10.Be3 f5 11.f3 f4 12.Bf2 g5 13.a4 Ng6 14.Nb5 Nf6 15.Nxa7 Bd7 16.c5 g4 17.c6
g3 18.hxg3 fxg3 19.Bxg3 Nh5 20.Bf2 bxc6 21.dxc6 Be6 22.Nb5 Bh6 23.g4 Ngf4 24.Kh1
Kh8 25.Ng2 Rg8 26.Nxf4 Nxf4 27.Qe1 Rg7 28.Bg3 Qf6 29.Nc3 Bg5 30.Rf2 h5 31.Rh2
Rh7 32.Qf2 hxg4 33.Rxh7+ Kxh7 34.fxg4 Kg7 35.Qf3 Qh6+ 36.Kg1 Nh3+ 37.Kg2 Rf8
38.Qxf8+ Kxf8 39.Rh1 Qg6 40.Rxh3 Bf4 41.Rh5 Bd2 42.Bf3 Bxc3 43.bxc3 Qe8 44.Rh6
Kg7 45.g5 Bf7 46.Bg4 Bg6 47.Bf5 Bxf5 48.exf5 Qxc6+ 49.Kh2 Qe4 50.f6+ Kf7 51.Bh4
Ke6 52.Rh8 Qe2+ 53.Kh3 Qf3+ 54.Kh2 Qg4 55.a5 Qe2+ 56.Kh1 Kd5 57.Kg1 Ke4 58.Bf2
Qg4+ 59.Kf1 Kf3 60.Rh2 Qxg5 61.f7 Qf5 62.Be1 Qd3+ 63.Kg1

[Event "StL-B-West 2002/03"]
[Site "Hohenems"]
[Date "2003.02.01"]
[Round "8"]
[Board "5"]
[White "Jannasch, Franz"]
[Black "Gottsmann, Herbert"]
[Result "0-1"]
[WhiteElo "2189"]
[BlackElo "2193"]
[PlyCount "136"]

1.d4 Nf6 2.c4 g6 3.Nc3 Bg7 4.e4 d6 5.Bd3 e5 6.d5 a5 7.Nge2 Na6 8.f3 O-O 9.h4 h5
10.Bg5 Qe8 11.Qd2 Nh7 12.Bh6 f5 13.O-O-O Bd7 14.Rdf1 c6 15.Bxg7 Kxg7 16.exf5
gxf5 17.Ng3 Nb4 18.dxc6 bxc6 19.Bb1 d5 20.a3 d4 21.axb4 dxc3 22.Qxc3 axb4
23.Qxb4 Qg6 24.Qe7+ Kg8 25.Qxe5 Ra1 26.Qf4 c5 27.Rd1 Ba4 28.Rd6 Qe8 29.Qd2 Bb3
30.Qd5+ Kh8 31.Kd2 Qa4 32.Qxc5 Qxc4 33.Qxc4 Bxc4 34.Rc1 Rg8 35.Nxf5 Rxg2+ 36.Ke3
Bg8 37.Rd2 Rg6 38.Rcd1 Rb6 39.Ng3 Nf6 40.Kf4 Nd5+ 41.Kg5 Ne3 42.Re1 Rb5+ 43.Kf4
Nd5+ 44.Ke4 Bh7+ 45.Kd4 Ra4+ 46.Ke5 Nc3+ 47.Kf6 Ra6+ 48.Ke7 Nxb1 49.Rd8+ Kg7
50.Rd7 Bg6 51.f4 Rb8 52.Nxh5+ Bxh5 53.Rg1+ Bg6 54.Rc7 Re8+ 55.Kd7 Kf7 56.Rg5
Re7+ 57.Kc8 Ra8+ 58.Kb7 Be4+ 59.Kb6 Rb8+ 60.Ka7 Rxc7+ 61.Kxb8 Rb7+ 62.Kc8 Nd2
63.Re5 Rxb2 64.Rc5 Ke6 65.Ra5 Kd6 66.f5 Nc4 67.Ra1 Rg2 68.Rd1+ Bd5

[Event "StL-B-West 2002/03"]
[Site "Hohenems"]
[Date "2003.02.01"]
[Round "8"]
[Board "1"]
[White "Bezold, Michael"]
[Black "Proehl, Holger"]
[Result "1/2-1/2"]
[WhiteElo "2468"]
[BlackElo "2336"]
[PlyCount "54"]

1.f4 Nf6 2.Nf3 g6 3.g3 b5 4.Bg2 Bb7 5.O-O Bg7 6.d3 d5 7.Qe1 O-O 8.a4 bxa4 9.Nc3
Nfd7 10.e4 Nb6 11.exd5 Nxd5 12.Ne5 c6 13.Nxa4 Na6 14.Bd2 f6 15.Nxc6 Bxc6 16.Qe6+
Kh8 17.Qxc6 Nab4 18.Qc4 Rc8 19.Nc5 f5 20.c3 Nxd3 21.Qxd3 Rxc5 22.Rxa7 Qb6 23.Qa6
Qxb2 24.Qd3 Qb6 25.Qa6 Qxa6 26.Rxa6 Nxc3 27.Re1 Bf6

[Event "StL-B-West 2002/03"]
[Site "Hohenems"]
[Date "2003.02.01"]
[Round "8"]
[Board "2"]
[White "Kleissl, Helmut"]
[Black "Atlas, Dmitry"]
[Result "0-1"]
[WhiteElo "2321"]
[BlackElo "2258"]
[PlyCount "64"]

1.Nf3 d5 2.c4 c6 3.b3 Nf6 4.g3 Bf5 5.Ba3 Qa5 6.Qc1 Na6 7.Nc3 Nb4 8.Nd4 Bd7
9.cxd5 cxd5 10.Bxb4 Qxb4 11.Nc2 Qc5 12.Bg2 Rc8 13.b4 Qd6 14.e3 e5 15.Qd1 Be7
16.O-O O-O 17.f4 e4 18.Nd4 Rc4 19.a3 Bd8 20.h3 Bb6 21.Nce2 a5 22.bxa5 Bxa5 23.g4
Rfc8 24.Ng3 g6 25.g5 Ne8 26.Kh2 Ra4 27.Rb1 b6 28.f5 Rxa3 29.fxg6 hxg6 30.Rf2 Ng7
31.Rf4 Rd3 32.Rb2 Rxd4

[Event "StL-B-West 2002/03"]
[Site "Hohenems"]
[Date "2003.02.01"]
[Round "8"]
[Board "3"]
[White "Braun, Arik"]
[Black "Kroell, Johannes"]
[Result "1-0"]
[WhiteElo "2317"]
[BlackElo "2123"]
[PlyCount "97"]

1.d4 b5 2.e4 e6 3.Bxb5 Bb7 4.f3 Qh4+ 5.Kf1 f5 6.exf5 Bd6 7.Nh3 Qh5 8.Bd3 Ne7
9.Nc3 Nxf5 10.Be4 Nc6 11.Ne2 O-O 12.c3 Ba6 13.Bd3 Bb7 14.Ng5 h6 15.Ne4 Nce7
16.Kg1 Nh4 17.N2g3 Qf7 18.Bc2 g5 19.Qd3 Nd5 20.Nxd6 cxd6 21.Ne4 Nf4 22.Bxf4 Bxe4
23.Qxe4 gxf4 24.Kf2 Rab8 25.b3 Rb5 26.Rag1 Rg5 27.Bd1 d5 28.Qd3 Ng6 29.g4 Nh4
30.Re1 Qe7 31.Bc2 Rg7 32.Re5 Qa3 33.Rh5 Ng6 34.Rxh6 Ne7 35.Re1 Qxa2 36.Re5 Qa1
37.Rg5 Nf5 38.Rxg7+ Kxg7 39.gxf5 Rxf5 40.Rh4 Qc1 41.Rg4+ Kf8 42.Rg1 Qb2 43.Qd2
Ke7 44.Rg7+ Kd6 45.b4 Qa2 46.Ke2 Rh5 47.Qxf4+ Kc6 48.Kd3 Qa6+ 49.Kd2

[Event "StL-B-West 2002/03"]
[Site "Hohenems"]
[Date "2003.02.01"]
[Round "8"]
[Board "4"]
[White "Schiestl, Josef"]
[Black "Burschowsky, Matthias"]
[Result "1/2-1/2"]
[WhiteElo "2170"]
[BlackElo "2169"]
[PlyCount "31"]

1.e4 c5 2.Nf3 e6 3.d4 cxd4 4.Nxd4 Nf6 5.Bd3 a6 6.c4 Nc6 7.Be3 Qc7 8.Nc3 d6 9.O-O
Be7 10.f4 O-O 11.Kh1 Bd7 12.Qf3 Rfd8 13.Nxc6 Bxc6 14.Qh3 d5 15.exd5 exd5 16.cxd5

[Event "StL-B-West 2002/03"]
[Site "Hohenems"]
[Date "2003.02.01"]
[Round "8"]
[Board "5"]
[White "Sandholzer, Robert"]
[Black "Kondrak, Christof"]
[Result "0-1"]
[WhiteElo "2138"]
[BlackElo "2210"]
[PlyCount "62"]

1.e4 c5 2.c3 Nf6 3.e5 Nd5 4.d4 cxd4 5.Nf3 e6 6.cxd4 Qc7 7.a3 a6 8.Bd3 d6 9.O-O
Nc6 10.Qe2 dxe5 11.dxe5 Bc5 12.Re1 b5 13.b4 Nd4 14.Nxd4 Bxd4 15.Ra2 Bb7 16.Rc2
Qb8 17.Bg5 h6 18.Bd2 Ne7 19.Kh1 Qd8 20.f4 O-O 21.Nc3 Nf5 22.Bxf5 exf5 23.Be3
Bxe3 24.Qxe3 Rc8 25.Rd2 Qh4 26.Red1 Rc4 27.e6 fxe6 28.Qxe6+ Kh8 29.Nd5 Re4 30.g3
Rxe6 31.gxh4 Rd6

[Event "StL-B-West 2002/03"]
[Site "Hohenems"]
[Date "2003.02.01"]
[Round "8"]
[Board "1"]
[White "Reich, Thomas"]
[Black "Kuemin, Simon"]
[Result "0-1"]
[WhiteElo "2397"]
[BlackElo "2324"]
[PlyCount "98"]

1.d4 Nf6 2.c4 e6 3.Nf3 b6 4.Nc3 Bb4 5.Bd2 Bb7 6.e3 O-O 7.Bd3 c5 8.a3 cxd4 9.axb4
dxc3 10.Bxc3 d6 11.Nd4 Nbd7 12.Nb5 Ne5 13.Nxd6 Bxg2 14.Bxe5 Bxh1 15.Qe2 Nd7
16.Bc3 Qe7 17.O-O-O f5 18.Bc2 Bc6 19.b5 Be4 20.Nxe4 fxe4 21.Bxe4 Rad8 22.Rg1 Nf6
23.f4 Rd7 24.Bc2 Qc5 25.Rg5 Qc7 26.b3 Qb7 27.e4 Qc7 28.Be5 Qd8 29.Qg2 Qe7 30.Kb2
a6 31.bxa6 Ra7 32.Bc3 Ne8 33.Rb5 Rxa6 34.Bb4 Qf6+ 35.e5 Qxf4 36.Qb7 Qd4+ 37.Bc3
Ra2+ 38.Kxa2 Qxc3 39.Qe4 Rf2 40.Qxh7+ Kf7 41.Qh5+ g6 42.Qxg6+ Kf8 43.Ka3 Rxc2
44.Qh6+ Ke7 45.Qh7+ Kd8 46.Qh4+ Kc8 47.Qh8 Qa1+ 48.Kb4 Qe1+ 49.Ka3 Qc1+

[Event "StL-B-West 2002/03"]
[Site "Hohenems"]
[Date "2003.02.01"]
[Round "8"]
[Board "2"]
[White "Riemelmoser, Franz"]
[Black "Micheli, Carlo"]
[Result "0-1"]
[WhiteElo "2320"]
[BlackElo "2350"]
[PlyCount "64"]

1.c4 g6 2.g3 Bg7 3.Bg2 d6 4.Nc3 Nf6 5.d3 O-O 6.Nf3 c6 7.O-O Na6 8.Rb1 d5 9.cxd5
cxd5 10.Bf4 Nh5 11.Bd2 d4 12.Nb5 Qb6 13.Na3 e5 14.Nc4 Qe6 15.e3 dxe3 16.Bxe3 Rd8
17.Qb3 f6 18.Nfd2 Bf8 19.Ne4 Qf7 20.Rbd1 Be6 21.f4 exf4 22.gxf4 Nb4 23.Nf2 Nd5
24.f5 gxf5 25.Bc1 Rab8 26.Qc2 b5 27.Ne3 Ndf4 28.d4 Rbc8 29.Qd2 Bh6 30.Qa5 Ne2+
31.Kh1 Nxc1 32.Rxc1 Bxe3

[Event "StL-B-West 2002/03"]
[Site "Hohenems"]
[Date "2003.02.01"]
[Round "8"]
[Board "3"]
[White "Deglmann, Ludwig"]
[Black "Scheffknecht, Philipp"]
[Result "1-0"]
[WhiteElo "2269"]
[BlackElo "2183"]
[PlyCount "97"]

1.d4 Nf6 2.Nf3 e6 3.e3 c5 4.Bd3 d6 5.O-O Nbd7 6.b3 b6 7.c4 Bb7 8.Bb2 Be7 9.Nc3
cxd4 10.Nxd4 O-O 11.Rc1 a6 12.Bb1 Rc8 13.Qe2 Qc7 14.f4 Nc5 15.e4 g6 16.f5 e5
17.Nf3 Nh5 18.Nd5 Bxd5 19.exd5 Bf6 20.Nd2 b5 21.g4 Ng7 22.b4 Na4 23.Ne4 Ne8
24.c5 Qa7 25.Ba3 a5 26.Qxb5 axb4 27.Bxb4 dxc5 28.Be1 Rb8 29.Qe2 Rb2 30.Qf3 c4+
31.Bf2 Qa6 32.d6 Qb5 33.Be3 c3 34.Bh6 Bg7 35.Bxg7 Kxg7 36.Bd3 Qb6+ 37.Kh1 Nxd6
38.f6+ Kg8 39.Qh3 Nxe4 40.Bxe4 Qb4 41.Bc2 Ra8 42.Bb3 Ra7 43.Rfd1 Qf8 44.Qe3 Nc5
45.Rxc3 Rc7 46.Qxe5 Ne4 47.Qxc7 Nf2+ 48.Kg1 Nxd1 49.Qxf7+

[Event "StL-B-West 2002/03"]
[Site "Hohenems"]
[Date "2003.02.01"]
[Round "8"]
[Board "4"]
[White "Schmidlechner, Alexander"]
[Black "Hoellrigl, Wilfried"]
[Result "1/2-1/2"]
[WhiteElo "2254"]
[BlackElo "2219"]
[PlyCount "98"]

1.c4 Nf6 2.Nc3 c5 3.g3 Nc6 4.Bg2 g6 5.d3 Bg7 6.e4 O-O 7.Nge2 d6 8.O-O Ne8 9.Be3
Nd4 10.Rb1 Rb8 11.b4 Nc7 12.Qd2 Bd7 13.b5 b6 14.f4 f5 15.Bf2 e5 16.Be3 Qe7
17.Rf2 Kh8 18.Rbf1 Be6 19.Nd5 Nxd5 20.exd5 Bd7 21.Re1 Rfe8 22.Bxd4 exd4 23.Kf1
a6 24.a4 axb5 25.axb5 Ra8 26.Nc1 Qxe1+ 27.Qxe1 Rxe1+ 28.Kxe1 Ra1 29.Kd1 Bf6
30.h4 h6 31.Bh3 Kg7 32.Kc2 Ra8 33.Kd1 Ra3 34.Ra2 Rxa2 35.Nxa2 g5 36.hxg5 hxg5
37.fxg5 Bxg5 38.Nc1 Kf6 39.Bg2 Be3 40.Ne2 Bf2 41.Bf3 Kg5 42.Nf4 Bxg3 43.Ne6+ Kh6
44.Ke2 Bh4 45.Bg2 Be7 46.Bh3 Kg6 47.Kf3 Kf6 48.Kf4 Bxe6 49.dxe6 Kxe6

[Event "StL-B-West 2002/03"]
[Site "Hohenems"]
[Date "2003.02.01"]
[Round "8"]
[Board "1"]
[White "Mathe, Gaspar"]
[Black "Meissner, Bernd"]
[Result "1/2-1/2"]
[WhiteElo "2363"]
[BlackElo "2382"]
[PlyCount "37"]

1.e4 e5 2.Nf3 Nf6 3.Nxe5 d6 4.Nf3 Nxe4 5.Qe2 Qe7 6.d3 Nf6 7.Bg5 Qxe2+ 8.Bxe2 Be7
9.Nc3 c6 10.d4 Be6 11.O-O Nbd7 12.Rad1 h6 13.Bc1 O-O 14.Rfe1 Rfe8 15.h3 b5 16.a3
Nb6 17.Bd3 a5 18.Ne2 Bf8 19.Nf4

[Event "StL-B-West 2002/03"]
[Site "Hohenems"]
[Date "2003.02.01"]
[Round "8"]
[Board "2"]
[White "Herbrechtsmeier, Christof"]
[Black "Ager, Josef"]
[Result "1/2-1/2"]
[WhiteElo "2334"]
[BlackElo "2223"]
[PlyCount "30"]

1.e4 Nf6 2.Nc3 d5 3.exd5 Nxd5 4.Bc4 c6 5.Qf3 e6 6.Nge2 Nd7 7.Qg3 N7f6 8.O-O Qd6
9.Qxd6 Bxd6 10.d3 h6 11.Bd2 O-O 12.Ne4 Bc7 13.Rad1 b6 14.Nxf6+ Nxf6 15.d4 a5

[Event "StL-B-West 2002/03"]
[Site "Hohenems"]
[Date "2003.02.01"]
[Round "8"]
[Board "3"]
[White "Knechtel, Roland"]
[Black "Kratochwil, Christian"]
[Result "1-0"]
[WhiteElo "2228"]
[BlackElo "2319"]
[PlyCount "77"]

1.d4 Nf6 2.c4 e5 3.dxe5 Ne4 4.Nd2 Nc5 5.b4 Ne6 6.a3 a5 7.b5 Nc5 8.Bb2 b6 9.Ngf3
Bb7 10.Qc2 d6 11.e3 dxe5 12.Bxe5 Nbd7 13.Bb2 Ne6 14.Rd1 Qe7 15.Be2 h5 16.O-O
O-O-O 17.Rfe1 Rh6 18.Nd4 Nxd4 19.exd4 Qg5 20.Bf3 Rg6 21.Ne4 Qf4 22.Bxh5 Rxg2+
23.Kxg2 Qg5+ 24.Kh1 Qxh5 25.d5 Nc5 26.Ng3 Qf3+ 27.Kg1 g6 28.Qe2 Qf4 29.Be5 Qg5
30.Qe3 Qh4 31.Qd4 Qh3 32.Bf6 Ne6 33.Qh4 Qxh4 34.Bxh4 g5 35.dxe6 Rxd1 36.Rxd1
gxh4 37.exf7 hxg3 38.hxg3 Bxa3 39.Re1

[Event "StL-B-West 2002/03"]
[Site "Hohenems"]
[Date "2003.02.01"]
[Round "8"]
[Board "4"]
[White "Lawitsch, Guenther"]
[Black "Spiesberger, Gerhard"]
[Result "1-0"]
[WhiteElo "2257"]
[BlackElo "2093"]
[PlyCount "115"]

1.f4 d5 2.Nf3 Nc6 3.d4 Bg4 4.e3 e6 5.c3 Bxf3 6.Qxf3 Bd6 7.Bd3 Qh4+ 8.g3 Qh3
9.Nd2 f5 10.b3 Nf6 11.Bb2 Qg4 12.Qg2 Ne4 13.Be2 Qg6 14.Nxe4 fxe4 15.Qh3 O-O
16.O-O Ne7 17.g4 Qh6 18.Qxh6 gxh6 19.Bc1 Kf7 20.Bd2 Rg8 21.Kh1 c6 22.Rg1 Raf8
23.Raf1 Ke8 24.Rg3 Rg7 25.c4 Ng8 26.Rh3 Be7 27.cxd5 exd5 28.b4 b5 29.a4 a6
30.axb5 axb5 31.Ra1 Kd7 32.Ra7+ Kc8 33.Rg3 Kb8 34.Ra5 Kb7 35.Rg1 Ra8 36.Rga1
Rxa5 37.bxa5 Ka6 38.Rc1 Rg6 39.f5 Rf6 40.Be1 Kb7 41.Bh4 Rf7 42.Bg3 Bb4 43.a6+
Kb6 44.Bb8 Kxa6 45.Rxc6+ Kb7 46.Re6 Kxb8 47.Re8+ Kc7 48.Rxg8 Bd2 49.Ra8 Kb7
50.Rd8 Kc6 51.Rc8+ Kd6 52.Bxb5 Bxe3 53.Rd8+ Ke7 54.Rxd5 Kf6 55.h4 Bf2 56.Rd6+
Kg7 57.Bc4 Rc7 58.f6+

[Event "StL-B-West 2002/03"]
[Site "Hohenems"]
[Date "2003.02.01"]
[Round "8"]
[Board "5"]
[White "Fruehauf, Norbert"]
[Black "Hengl, Christian"]
[Result "1-0"]
[WhiteElo "2082"]
[BlackElo "2206"]
[PlyCount "73"]

1.e4 e6 2.d4 d5 3.Nc3 Nf6 4.Bg5 Bb4 5.e5 h6 6.Bd2 Bxc3 7.bxc3 Ne4 8.Qg4 Kf8 9.h4
c5 10.Bd3 Nxd2 11.Kxd2 Nc6 12.Rh3 c4 13.Be2 b5 14.Qf4 Bd7 15.Bh5 Qe7 16.Ne2 a5
17.a3 Be8 18.Rhh1 Kg8 19.Bf3 f6 20.exf6 gxf6 21.g4 Rd8 22.g5 fxg5 23.hxg5 h5
24.Ng3 e5 25.Qh4 b4 26.axb4 axb4 27.Bxh5 bxc3+ 28.Kd1 Bg6 29.Qg4 Kg7 30.Nf5+
Bxf5 31.Qxf5 Rd6 32.dxe5 Nxe5 33.Ra7 Rd7 34.Rxd7 Nxd7 35.Qg6+ Kf8 36.Re1 Ne5
37.Qf5+

[Event "StL-B-West 2002/03"]
[Site "Hohenems"]
[Date "2003.02.01"]
[Round "8"]
[Board "6"]
[White "Jedinger, Andreas"]
[Black "Maierhofer, Johann"]
[Result "1/2-1/2"]
[WhiteElo "2110"]
[BlackElo "2124"]
[PlyCount "41"]

1.e4 e6 2.d4 d5 3.Nc3 dxe4 4.Nxe4 Bd7 5.Nf3 Bc6 6.Bd3 Nd7 7.Qe2 Ngf6 8.Neg5 Bxf3
9.Qxf3 c6 10.c3 Be7 11.O-O O-O 12.Qh3 h6 13.Nf3 Qa5 14.Re1 Qh5 15.Qxh5 Nxh5
16.Ne5 Nhf6 17.Nxd7 Nxd7 18.Bf4 Rfe8 19.Rad1 Rad8 20.a3 Nf6 21.Be5

[Event "StL-B-West 2002/03"]
[Site "Hohenems"]
[Date "2003.02.02"]
[Round "9"]
[Board "1"]
[White "Kelecevic, Nedeljko"]
[Black "Hertneck, Gerald"]
[Result "1/2-1/2"]
[WhiteElo "2388"]
[BlackElo "2516"]
[PlyCount "25"]

1.d4 Nf6 2.c4 e6 3.Nf3 Bb4+ 4.Bd2 Qe7 5.Nc3 b6 6.g3 Bb7 7.Bg2 Bxc3 8.Bxc3 Ne4
9.Rc1 O-O 10.O-O d6 11.Nd2 Nxc3 12.Rxc3 Bxg2 13.Kxg2

[Event "StL-B-West 2002/03"]
[Site "Hohenems"]
[Date "2003.02.02"]
[Round "9"]
[Board "3"]
[White "Poettinger, Harald"]
[Black "Brumen, Dinko"]
[Result "0-1"]
[WhiteElo "2222"]
[BlackElo "2398"]
[PlyCount "80"]

1.d4 d5 2.c4 e6 3.Nc3 Nf6 4.cxd5 exd5 5.Bg5 Be7 6.e3 O-O 7.Bd3 c6 8.Qc2 Nbd7
9.Nf3 Re8 10.O-O Nf8 11.Bxf6 Bxf6 12.b4 Bg4 13.Nd2 a6 14.Rab1 Be7 15.Na4 Bd6
16.Rfc1 Qh4 17.Nf1 Re6 18.f3 Bh5 19.Qf2 Qe7 20.Nc5 Rh6 21.a4 Ne6 22.f4 a5 23.Ng3
Bg6 24.f5 Qh4 25.Nf1 Bxh2+ 26.Nxh2 Qxh2+ 27.Kf1 Nxc5 28.bxc5 Bh5 29.Ke1 Qc7
30.Kd2 Re8 31.Rh1 Qe7 32.Qf4 Kh8 33.g4 Bxg4 34.Rxh6 gxh6 35.Qxg4 Qxe3+ 36.Kc3
Re4 37.Qg1 Qf3 38.Rf1 Qh3 39.Re1 Rg4 40.f6 Rxg1

[Event "StL-B-West 2002/03"]
[Site "Hohenems"]
[Date "2003.02.02"]
[Round "9"]
[Board "4"]
[White "Krstic, Uros"]
[Black "Bezler, Rainer"]
[Result "1-0"]
[WhiteElo "2420"]
[BlackElo "2253"]
[PlyCount "73"]

1.e4 Nf6 2.Nc3 d5 3.exd5 Nxd5 4.g3 e6 5.Bg2 Be7 6.Nf3 O-O 7.O-O b6 8.a4 Bb7 9.a5
c5 10.Re1 Nd7 11.Qe2 Bf6 12.Ne4 Be7 13.a6 Bc6 14.d4 Rc8 15.dxc5 bxc5 16.Bg5 Rb8
17.b3 Nb4 18.Bf4 Rb6 19.Rad1 Nd5 20.Bg5 h6 21.Bxe7 Qxe7 22.Ra1 f5 23.Ned2 Nb4
24.Qxe6+ Qxe6 25.Rxe6 Nxc2 26.Rc1 Nb4 27.Bf1 Ra8 28.Rd6 Bxf3 29.Rxd7 Bd5 30.Rxc5
Be6 31.Re7 Kf8 32.Rcc7 Nxa6 33.Rxa7 Rxa7 34.Rxa7 Nc5 35.Bc4 Bxc4 36.bxc4 Rb2
37.Ra5

[Event "StL-B-West 2002/03"]
[Site "Hohenems"]
[Date "2003.02.02"]
[Round "9"]
[Board "5"]
[White "Gattenloehner, Sebastian"]
[Black "Ljubic, Juro"]
[Result "1-0"]
[WhiteElo "2216"]
[BlackElo "2291"]
[PlyCount "45"]

1.e4 c5 2.Nf3 a6 3.Nc3 b5 4.d4 cxd4 5.Nxd4 Bb7 6.Bd3 b4 7.Na4 e5 8.Nf3 Bc6 9.b3
Bxa4 10.bxa4 Qc7 11.Bb2 Nc6 12.O-O Nf6 13.Qe2 a5 14.Bb5 Rc8 15.Bxc6 Qxc6 16.Nxe5
Qxc2 17.Qa6 Rd8 18.Nc4 Be7 19.Bxf6 gxf6 20.Nd6+ Kf8 21.Nf5 Qxe4 22.Nxe7 Qxe7
23.Rfe1

[Event "StL-B-West 2002/03"]
[Site "Hohenems"]
[Date "2003.02.02"]
[Round "9"]
[Board "6"]
[White "Schoeppl, Engelbert"]
[Black "Heilinger, Dietmar"]
[Result "0-1"]
[WhiteElo "2219"]
[BlackElo "2178"]
[PlyCount "155"]

1.d4 d5 2.c4 Nc6 3.Nf3 Bg4 4.cxd5 Bxf3 5.dxc6 Bxc6 6.Nc3 e6 7.Bf4 Nf6 8.f3 Nd5
9.Bd2 Qh4+ 10.g3 Qxd4 11.Nxd5 exd5 12.Bc3 Qxd1+ 13.Rxd1 O-O-O 14.Bh3+ Bd7
15.Bxd7+ Rxd7 16.Kf2 Bc5+ 17.Bd4 Bxd4+ 18.Rxd4 Re8 19.Rc1 Rde7 20.Rc2 c6 21.g4
Kc7 22.g5 Re5 23.Rh4 Rxg5 24.Rxh7 Re7 25.h4 Rg6 26.Rd2 Rh6 27.Rxg7 Rxh4 28.Kg3
Rh1 29.Kg2 Rh6 30.Kg3 Rhe6 31.Kf2 Rd6 32.Rd4 Rde6 33.Rd2 Rh6 34.Kg3 a5 35.e4
dxe4 36.fxe4 Rhe6 37.Rf2 Rxe4 38.Rfxf7 Rxf7 39.Rxf7+ Kb6 40.Kf2 Ka6 41.Rd7 Ra4
42.a3 Re4 43.Kf3 Re5 44.Kf4 Re2 45.b3 b5 46.a4 bxa4 47.bxa4 Rb2 48.Ke3 Rb4
49.Kd3 Rxa4 50.Kc3 Rb4 51.Rd8 Kb5 52.Rb8+ Kc5 53.Ra8 Rc4+ 54.Kd3 a4 55.Ra5+ Kb6
56.Ra8 Rh4 57.Kc3 Kb5 58.Rb8+ Kc5 59.Ra8 Rh3+ 60.Kb2 Kb4 61.Rb8+ Kc4 62.Rg8 c5
63.Rg4+ Kb5 64.Rg8 Kb4 65.Rb8+ Kc4 66.Rg8 a3+ 67.Ka2 Kc3 68.Kxa3 Kc2+ 69.Ka2 c4
70.Rg2+ Kc3 71.Rg1 Rh2+ 72.Kb1 Kb3 73.Ka1 Ra2+ 74.Kb1 c3 75.Rg3 Rf2 76.Rg1 Rb2+
77.Ka1 Ra2+ 78.Kb1

[Event "StL-B-West 2002/03"]
[Site "Hohenems"]
[Date "2003.02.02"]
[Round "9"]
[Board "3"]
[White "Kratochwil, Christian"]
[Black "Duer, Werner"]
[Result "1/2-1/2"]
[WhiteElo "2319"]
[BlackElo "2285"]
[PlyCount "59"]

1.c4 c6 2.e4 d5 3.cxd5 cxd5 4.exd5 Nf6 5.Bb5+ Nbd7 6.Nc3 a6 7.Qa4 Rb8 8.Bxd7+
Qxd7 9.Qxd7+ Bxd7 10.Nge2 Bb5 11.d4 Bc4 12.b3 Bxd5 13.Nxd5 Nxd5 14.Ba3 g6 15.Rc1
Bh6 16.Rc5 e6 17.Rc2 Kd7 18.Bc1 Nb4 19.Rc3 Bg7 20.Rf3 f5 21.O-O Rbc8 22.a3 Nd5
23.Nf4 Rxc1 24.Rxc1 Nxf4 25.Rxf4 Bh6 26.g3 Bxf4 27.gxf4 Rd8 28.Kf1 Kd6 29.Ke2
Rd7 30.Ke3

[Event "StL-B-West 2002/03"]
[Site "Hohenems"]
[Date "2003.02.02"]
[Round "9"]
[Board "4"]
[White "Erlacher, Michael"]
[Black "Lawitsch, Guenther"]
[Result "0-1"]
[WhiteElo "2197"]
[BlackElo "2257"]
[PlyCount "82"]

1.e4 e6 2.d4 d5 3.e5 c5 4.c3 Nc6 5.Nf3 Bd7 6.Bd3 Rc8 7.a3 cxd4 8.cxd4 Qb6 9.Bc2
Qa5+ 10.Nc3 Nb4 11.Bb1 Bb5 12.Be3 Bc4 13.Ng1 Qa6 14.Nge2 Nd3+ 15.Bxd3 Bxd3
16.O-O Ne7 17.Re1 Bxe2 18.Rxe2 Nf5 19.Rc1 Rc4 20.Rec2 Rc6 21.Qf3 Qd3 22.Rd2 Qc4
23.Ne2 Qb3 24.Rxc6 bxc6 25.Nc1 Qa4 26.Qe2 Be7 27.Qd1 Qxd1+ 28.Rxd1 c5 29.Nd3
cxd4 30.Bd2 Kd7 31.Rc1 h5 32.Kf1 Rc8 33.Ke2 f6 34.Bf4 Rxc1 35.Nxc1 g5 36.exf6
Bxf6 37.Bb8 e5 38.Bxa7 e4 39.b4 d3+ 40.Kd2 Nd6 41.a4 Nc4+

[Event "StL-B-West 2002/03"]
[Site "Hohenems"]
[Date "2003.02.02"]
[Round "9"]
[Board "5"]
[White "Hengl, Christian"]
[Black "Jannasch, Franz"]
[Result "1/2-1/2"]
[WhiteElo "2206"]
[BlackElo "2189"]
[PlyCount "63"]

1.e4 e6 2.d4 b6 3.Bd3 Bb7 4.f3 c5 5.c3 Nc6 6.Be3 Nf6 7.a3 Be7 8.Ne2 Rc8 9.b4 O-O
10.O-O Qc7 11.Nd2 d6 12.Qb1 Rfd8 13.Rc1 Nb8 14.h3 Nbd7 15.f4 c4 16.Bc2 e5
17.fxe5 dxe5 18.d5 Nf8 19.Ng3 Ne8 20.Rf1 Nd6 21.Bd1 Ng6 22.Bg4 Ra8 23.Qd1 a5
24.Nf5 axb4 25.axb4 Rxa1 26.Qxa1 Ra8 27.Qb2 Nxf5 28.Bxf5 Nf4 29.Ra1 Rf8 30.Ra7
h5 31.Nxc4 Qxc4 32.Rxb7

[Event "StL-B-West 2002/03"]
[Site "Hohenems"]
[Date "2003.02.02"]
[Round "9"]
[Board "6"]
[White "Erhard, Jakob"]
[Black "Jedinger, Andreas"]
[Result "1/2-1/2"]
[WhiteElo "2112"]
[BlackElo "2110"]
[PlyCount "109"]

1.Nf3 c5 2.g3 Nc6 3.Bg2 g6 4.c4 Bg7 5.O-O d6 6.d3 Nf6 7.Na3 O-O 8.Nc2 d5 9.cxd5
Nxd5 10.Rb1 Qb6 11.Nd2 Be6 12.a3 Rfd8 13.Kh1 Rac8 14.f4 Nd4 15.e4 Nxc2 16.exd5
Ne3 17.Nc4 Nxc4 18.dxe6 f5 19.Qa4 Nd6 20.Bd2 Qc7 21.Ba5 b6 22.Bc3 Ne8 23.Rbd1
Bd4 24.Rfe1 Nf6 25.Bxd4 Rxd4 26.Qc2 a5 27.h3 Rcd8 28.b3 Qd6 29.Re3 Nh5 30.Qf2 b5
31.Re5 Rxd3 32.Rxd3 Qxd3 33.Qxc5 Nxg3+ 34.Kh2 Ne4 35.Rxe4 fxe4 36.Qxe7 Rf8
37.Qc7 Qd2 38.e7 Re8 39.Qe5 Qd7 40.Bxe4 Qd2+ 41.Kg3 Qe3+ 42.Kh4 Qf2+ 43.Kg5 h6+
44.Kf6 Qh4+ 45.Kxg6 Qg3+ 46.Kxh6 Qxh3+ 47.Kg5 Qg3+ 48.Kf5 Qh3+ 49.Kf6 Qh6+
50.Kf5 Qh7+ 51.Kg4 Qg7+ 52.Qxg7+ Kxg7 53.Bc6 Rxe7 54.Bxb5 Kf6 55.Kf3

[Event "StL-B-West 2002/03"]
[Site "Hohenems"]
[Date "2003.02.02"]
[Round "9"]
[Board "3"]
[White "Kroell, Johannes"]
[Black "Knechtel, Roland"]
[Result "1-0"]
[WhiteElo "2123"]
[BlackElo "2228"]
[PlyCount "69"]

1.Nc3 c5 2.e4 e6 3.f4 d6 4.Nf3 a6 5.g3 Nc6 6.Bg2 g6 7.O-O Bg7 8.d3 Nge7 9.Ne2
Rb8 10.c3 b5 11.Be3 b4 12.Qd2 O-O 13.g4 bxc3 14.bxc3 Qa5 15.Qc2 Bd7 16.Nd2 f5
17.gxf5 gxf5 18.e5 Nd5 19.Bf2 dxe5 20.Nc4 Qd8 21.Bxc5 Rf6 22.Bd6 Rc8 23.fxe5 Rg6
24.Nf4 Nxf4 25.Rxf4 Bh6 26.Rf3 Qh4 27.Qf2 Qh5 28.Kh1 Kf7 29.Rh3 Qg5 30.Nb6 Rcg8
31.Bf3 Be8 32.Bh5 Qxh5 33.Rxh5 Nxe5 34.Nd5 Bc6 35.Rxf5+

[Event "StL-B-West 2002/03"]
[Site "Hohenems"]
[Date "2003.02.02"]
[Round "9"]
[Board "4"]
[White "Spiesberger, Gerhard"]
[Black "Schiestl, Josef"]
[Result "1/2-1/2"]
[WhiteElo "2093"]
[BlackElo "2170"]
[PlyCount "28"]

1.d4 Nf6 2.c4 g6 3.Nc3 Bg7 4.e4 d6 5.f4 O-O 6.Nf3 c5 7.Be2 cxd4 8.Nxd4 Nc6 9.Nc2
a6 10.O-O b6 11.Qe1 Bb7 12.Qh4 Rc8 13.f5 Ne5 14.Na3 Qc7

[Event "StL-B-West 2002/03"]
[Site "Hohenems"]
[Date "2003.02.02"]
[Round "9"]
[Board "5"]
[White "Kondrak, Christof"]
[Black "Fruehauf, Norbert"]
[Result "1-0"]
[WhiteElo "2210"]
[BlackElo "2082"]
[PlyCount "95"]

1.d4 Nf6 2.c4 g6 3.Nf3 Bg7 4.Nc3 d6 5.Bf4 O-O 6.e3 Nbd7 7.Qb3 c5 8.Rd1 cxd4
9.exd4 e5 10.dxe5 dxe5 11.Bg3 Qa5 12.Qc2 Nc5 13.Bxe5 Bf5 14.Qc1 Rfe8 15.Be2 Nce4
16.Bg3 Re7 17.Nd4 Nxc3 18.bxc3 Qxa2 19.Bd6 Ree8 20.Rd2 Qxc4 21.O-O Qd5 22.Nb5
Qc6 23.Nc7 Bh6 24.Bb5 Qb6 25.Bxe8 Nxe8 26.Nxa8 Bxd2 27.Nxb6 Bxc1 28.Rxc1 Nxd6
29.Nd5 Kf8 30.f3 Nc4 31.Kf2 Be6 32.Ne3 Ke7 33.Nxc4 Bxc4 34.Ke3 Bd5 35.Kd4 Bc6
36.Ra1 a6 37.Kc5 Kd7 38.Kb6 Kd6 39.Rd1+ Ke7 40.Ra1 Kd6 41.c4 Kd7 42.c5 h5
43.Rd1+ Ke6 44.Rd6+ Ke5 45.Rxc6 bxc6 46.Kxc6 a5 47.Kb5 Kd5 48.c6

[Event "StL-B-West 2002/03"]
[Site "Hohenems"]
[Date "2003.02.02"]
[Round "9"]
[Board "6"]
[White "Maierhofer, Johann"]
[Black "Eberharter, Johann"]
[Result "1-0"]
[WhiteElo "2124"]
[BlackElo "2117"]
[PlyCount "71"]

1.e4 c5 2.c4 d6 3.Nc3 Nf6 4.g3 Nc6 5.Bg2 g6 6.Nge2 Bg7 7.Rb1 O-O 8.O-O Bg4 9.h3
Be6 10.d3 Ne8 11.g4 Nc7 12.Nd5 Bxd5 13.exd5 Ne5 14.b3 Rb8 15.f4 Nd7 16.f5 Ne5
17.Be3 e6 18.dxe6 fxe6 19.fxe6 Qe7 20.Nf4 Bh6 21.d4 Nxe6 22.Bd5 Bxf4 23.Bxf4
cxd4 24.Qxd4 Nf7 25.Qe3 Rbe8 26.Rbe1 Nfd8 27.Qg3 Qg7 28.Bxd6 Qd4+ 29.Kh1 Rxf1+
30.Rxf1 Qd2 31.Qf3 Qd4 32.Bb4 Qg7 33.Bc3 Qd7 34.Qf6 Nf7 35.Bxe6 Qc6+ 36.Kg1

[Event "StL-B-West 2002/03"]
[Site "Hohenems"]
[Date "2003.02.02"]
[Round "9"]
[Board "1"]
[White "Kuemin, Simon"]
[Black "Bezold, Michael"]
[Result "1/2-1/2"]
[WhiteElo "2324"]
[BlackElo "2468"]
[PlyCount "26"]

1.d4 d6 2.c4 e5 3.Nf3 Nd7 4.Nc3 Be7 5.e4 Ngf6 6.Be2 O-O 7.O-O c6 8.Be3 Ng4 9.Bd2
a6 10.d5 Ngf6 11.Be3 Ng4 12.Bd2 Ngf6 13.Be3 Ng4